<?xml version="1.0" encoding="UTF-8"?>
<marc:record xmlns:marc="http://www.loc.gov/MARC21/slim" type="Bibliographic">
   <marc:leader>00000nam a2200000 c 4500</marc:leader>
   <marc:controlfield tag="001">920953107</marc:controlfield>
   <marc:controlfield tag="003">DE-101</marc:controlfield>
   <marc:controlfield tag="005">20171202172101.0</marc:controlfield>
   <marc:controlfield tag="007">tu</marc:controlfield>
   <marc:controlfield tag="008">920818s1989    xxu||||| |||| 00||||eng  </marc:controlfield>
   <marc:datafield ind1=" " ind2=" " tag="015">
      <marc:subfield code="a">92,G03,0184</marc:subfield>
      <marc:subfield code="2">dnb</marc:subfield>
   </marc:datafield>
   <marc:datafield ind1="7" ind2=" " tag="016">
      <marc:subfield code="2">DE-101</marc:subfield>
      <marc:subfield code="a">920953107</marc:subfield>
   </marc:datafield>
   <marc:datafield ind1=" " ind2=" " tag="020">
      <marc:subfield code="a">0520061578</marc:subfield>
      <marc:subfield code="c">Gewebe</marc:subfield>
      <marc:subfield code="9">0-520-06157-8</marc:subfield>
   </marc:datafield>
   <marc:datafield ind1=" " ind2=" " tag="035">
      <marc:subfield code="a">(DE-599)DNB920953107</marc:subfield>
   </marc:datafield>
   <marc:datafield ind1=" " ind2=" " tag="035">
      <marc:subfield code="a">(OCoLC)231036404</marc:subfield>
   </marc:datafield>
   <marc:datafield ind1=" " ind2=" " tag="040">
      <marc:subfield code="a">1100</marc:subfield>
      <marc:subfield code="b">ger</marc:subfield>
      <marc:subfield code="c">DE-101</marc:subfield>
      <marc:subfield code="d">9999</marc:subfield>
   </marc:datafield>
   <marc:datafield ind1=" " ind2=" " tag="041">
      <marc:subfield code="a">eng</marc:subfield>
   </marc:datafield>
   <marc:datafield ind1=" " ind2=" " tag="044">
      <marc:subfield code="c">XD-US</marc:subfield>
   </marc:datafield>
   <marc:datafield ind1=" " ind2=" " tag="084">
      <marc:subfield code="a">48</marc:subfield>
      <marc:subfield code="a">780</marc:subfield>
      <marc:subfield code="q">DE-101</marc:subfield>
      <marc:subfield code="2">sdnb</marc:subfield>
   </marc:datafield>
   <marc:datafield ind1=" " ind2=" " tag="084">
      <marc:subfield code="a">14.4p</marc:subfield>
      <marc:subfield code="a">14.4</marc:subfield>
      <marc:subfield code="a">14.4p</marc:subfield>
      <marc:subfield code="a">14.4</marc:subfield>
      <marc:subfield code="q">DE-101</marc:subfield>
      <marc:subfield code="2">sswd</marc:subfield>
   </marc:datafield>
   <marc:datafield ind1=" " ind2=" " tag="090">
      <marc:subfield code="a">b</marc:subfield>
   </marc:datafield>
   <marc:datafield ind1="0" ind2="0" tag="245">
      <marc:subfield code="a">Analyzing opera</marc:subfield>
      <marc:subfield code="b">Verdi and Wagner</marc:subfield>
      <marc:subfield code="c">ed. by Carolyn Abbate and Roger Parker</marc:subfield>
   </marc:datafield>
   <marc:datafield ind1=" " ind2="1" tag="264">
      <marc:subfield code="a">Berkeley</marc:subfield>
      <marc:subfield code="a">LosAngeles</marc:subfield>
      <marc:subfield code="a">London</marc:subfield>
      <marc:subfield code="b">Univ. of California Press</marc:subfield>
      <marc:subfield code="c">1989</marc:subfield>
   </marc:datafield>
   <marc:datafield ind1=" " ind2=" " tag="300">
      <marc:subfield code="a">IX, 304 S.</marc:subfield>
      <marc:subfield code="b">Noten</marc:subfield>
      <marc:subfield code="c">26 cm</marc:subfield>
   </marc:datafield>
   <marc:datafield ind1=" " ind2=" " tag="336">
      <marc:subfield code="a">Text</marc:subfield>
      <marc:subfield code="b">txt</marc:subfield>
      <marc:subfield code="2">rdacontent</marc:subfield>
   </marc:datafield>
   <marc:datafield ind1=" " ind2=" " tag="337">
      <marc:subfield code="a">ohne Hilfsmittel zu benutzen</marc:subfield>
      <marc:subfield code="b">n</marc:subfield>
      <marc:subfield code="2">rdamedia</marc:subfield>
   </marc:datafield>
   <marc:datafield ind1=" " ind2=" " tag="338">
      <marc:subfield code="a">Band</marc:subfield>
      <marc:subfield code="b">nc</marc:subfield>
      <marc:subfield code="2">rdacarrier</marc:subfield>
   </marc:datafield>
   <marc:datafield ind1="1" ind2=" " tag="490">
      <marc:subfield code="a">California studies in 19th century music</marc:subfield>
      <marc:subfield code="v">6</marc:subfield>
   </marc:datafield>
   <marc:datafield ind1="1" ind2="7" tag="600">
      <marc:subfield code="0">(DE-588)118594117</marc:subfield>
      <marc:subfield code="0">https://d-nb.info/gnd/118594117</marc:subfield>
      <marc:subfield code="0">(DE-101)118594117</marc:subfield>
      <marc:subfield code="a">Wagner, Richard</marc:subfield>
      <marc:subfield code="d">1813-1883</marc:subfield>
      <marc:subfield code="9">rswk-swf</marc:subfield>
      <marc:subfield code="2">gnd</marc:subfield>
   </marc:datafield>
   <marc:datafield ind1="1" ind2="7" tag="600">
      <marc:subfield code="0">(DE-588)118626523</marc:subfield>
      <marc:subfield code="0">https://d-nb.info/gnd/118626523</marc:subfield>
      <marc:subfield code="0">(DE-101)118626523</marc:subfield>
      <marc:subfield code="a">Verdi, Giuseppe</marc:subfield>
      <marc:subfield code="d">1813-1901</marc:subfield>
      <marc:subfield code="9">rswk-swf</marc:subfield>
      <marc:subfield code="2">gnd</marc:subfield>
   </marc:datafield>
   <marc:datafield ind1=" " ind2="7" tag="650">
      <marc:subfield code="0">(DE-588)4043582-9</marc:subfield>
      <marc:subfield code="0">https://d-nb.info/gnd/4043582-9</marc:subfield>
      <marc:subfield code="0">(DE-101)040435822</marc:subfield>
      <marc:subfield code="a">Oper</marc:subfield>
      <marc:subfield code="9">rswk-swf</marc:subfield>
      <marc:subfield code="2">gnd</marc:subfield>
   </marc:datafield>
   <marc:datafield ind1=" " ind2="7" tag="650">
      <marc:subfield code="0">(DE-588)4040814-0</marc:subfield>
      <marc:subfield code="0">https://d-nb.info/gnd/4040814-0</marc:subfield>
      <marc:subfield code="0">(DE-101)040408140</marc:subfield>
      <marc:subfield code="a">Musikalische Analyse</marc:subfield>
      <marc:subfield code="9">rswk-swf</marc:subfield>
      <marc:subfield code="2">gnd</marc:subfield>
   </marc:datafield>
   <marc:datafield ind1=" " ind2="7" tag="650">
      <marc:subfield code="0">(DE-588)4043582-9</marc:subfield>
      <marc:subfield code="0">https://d-nb.info/gnd/4043582-9</marc:subfield>
      <marc:subfield code="0">(DE-101)040435822</marc:subfield>
      <marc:subfield code="a">Oper</marc:subfield>
      <marc:subfield code="9">rswk-swf</marc:subfield>
      <marc:subfield code="2">gnd</marc:subfield>
   </marc:datafield>
   <marc:datafield ind1=" " ind2="7" tag="650">
      <marc:subfield code="0">(DE-588)4040814-0</marc:subfield>
      <marc:subfield code="0">https://d-nb.info/gnd/4040814-0</marc:subfield>
      <marc:subfield code="0">(DE-101)040408140</marc:subfield>
      <marc:subfield code="a">Musikalische Analyse</marc:subfield>
      <marc:subfield code="9">rswk-swf</marc:subfield>
      <marc:subfield code="2">gnd</marc:subfield>
   </marc:datafield>
   <marc:datafield ind1=" " ind2="7" tag="655">
      <marc:subfield code="0">(DE-588)1071861417</marc:subfield>
      <marc:subfield code="0">https://d-nb.info/gnd/1071861417</marc:subfield>
      <marc:subfield code="0">(DE-101)1071861417</marc:subfield>
      <marc:subfield code="a">Konferenzschrift</marc:subfield>
      <marc:subfield code="y">1984</marc:subfield>
      <marc:subfield code="z">Ithaca (NY)</marc:subfield>
      <marc:subfield code="2">gnd-content</marc:subfield>
   </marc:datafield>
   <marc:datafield ind1=" " ind2="7" tag="655">
      <marc:subfield code="a">Kongress</marc:subfield>
      <marc:subfield code="z">Ithaca &lt;NY, 1984&gt;</marc:subfield>
      <marc:subfield code="9">rswk-swf</marc:subfield>
      <marc:subfield code="2">gnd</marc:subfield>
   </marc:datafield>
   <marc:datafield ind1=" " ind2="7" tag="655">
      <marc:subfield code="a">Kongress</marc:subfield>
      <marc:subfield code="z">Ithaca &lt;NY, 1984&gt;</marc:subfield>
      <marc:subfield code="9">rswk-swf</marc:subfield>
      <marc:subfield code="2">gnd</marc:subfield>
   </marc:datafield>
   <marc:datafield ind1="0" ind2="0" tag="689">
      <marc:subfield code="0">(DE-588)118594117</marc:subfield>
      <marc:subfield code="0">https://d-nb.info/gnd/118594117</marc:subfield>
      <marc:subfield code="0">(DE-101)118594117</marc:subfield>
      <marc:subfield code="D">p</marc:subfield>
      <marc:subfield code="a">Wagner, Richard</marc:subfield>
      <marc:subfield code="d">1813-1883</marc:subfield>
   </marc:datafield>
   <marc:datafield ind1="0" ind2="1" tag="689">
      <marc:subfield code="0">(DE-588)4043582-9</marc:subfield>
      <marc:subfield code="0">https://d-nb.info/gnd/4043582-9</marc:subfield>
      <marc:subfield code="0">(DE-101)040435822</marc:subfield>
      <marc:subfield code="D">s</marc:subfield>
      <marc:subfield code="a">Oper</marc:subfield>
   </marc:datafield>
   <marc:datafield ind1="0" ind2="2" tag="689">
      <marc:subfield code="0">(DE-588)4040814-0</marc:subfield>
      <marc:subfield code="0">https://d-nb.info/gnd/4040814-0</marc:subfield>
      <marc:subfield code="0">(DE-101)040408140</marc:subfield>
      <marc:subfield code="D">s</marc:subfield>
      <marc:subfield code="a">Musikalische Analyse</marc:subfield>
   </marc:datafield>
   <marc:datafield ind1="0" ind2="3" tag="689">
      <marc:subfield code="A">f</marc:subfield>
      <marc:subfield code="a">Kongress</marc:subfield>
   </marc:datafield>
   <marc:datafield ind1="0" ind2="4" tag="689">
      <marc:subfield code="A">g</marc:subfield>
      <marc:subfield code="a">Ithaca &lt;NY, 1984&gt;</marc:subfield>
   </marc:datafield>
   <marc:datafield ind1="0" ind2=" " tag="689">
      <marc:subfield code="5">DE-101</marc:subfield>
      <marc:subfield code="5">DE-101</marc:subfield>
   </marc:datafield>
   <marc:datafield ind1="1" ind2="0" tag="689">
      <marc:subfield code="0">(DE-588)118626523</marc:subfield>
      <marc:subfield code="0">https://d-nb.info/gnd/118626523</marc:subfield>
      <marc:subfield code="0">(DE-101)118626523</marc:subfield>
      <marc:subfield code="D">p</marc:subfield>
      <marc:subfield code="a">Verdi, Giuseppe</marc:subfield>
      <marc:subfield code="d">1813-1901</marc:subfield>
   </marc:datafield>
   <marc:datafield ind1="1" ind2="1" tag="689">
      <marc:subfield code="0">(DE-588)4043582-9</marc:subfield>
      <marc:subfield code="0">https://d-nb.info/gnd/4043582-9</marc:subfield>
      <marc:subfield code="0">(DE-101)040435822</marc:subfield>
      <marc:subfield code="D">s</marc:subfield>
      <marc:subfield code="a">Oper</marc:subfield>
   </marc:datafield>
   <marc:datafield ind1="1" ind2="2" tag="689">
      <marc:subfield code="0">(DE-588)4040814-0</marc:subfield>
      <marc:subfield code="0">https://d-nb.info/gnd/4040814-0</marc:subfield>
      <marc:subfield code="0">(DE-101)040408140</marc:subfield>
      <marc:subfield code="D">s</marc:subfield>
      <marc:subfield code="a">Musikalische Analyse</marc:subfield>
   </marc:datafield>
   <marc:datafield ind1="1" ind2="3" tag="689">
      <marc:subfield code="A">f</marc:subfield>
      <marc:subfield code="a">Kongress</marc:subfield>
   </marc:datafield>
   <marc:datafield ind1="1" ind2="4" tag="689">
      <marc:subfield code="A">g</marc:subfield>
      <marc:subfield code="a">Ithaca &lt;NY, 1984&gt;</marc:subfield>
   </marc:datafield>
   <marc:datafield ind1="1" ind2=" " tag="689">
      <marc:subfield code="5">DE-101</marc:subfield>
      <marc:subfield code="5">DE-101</marc:subfield>
   </marc:datafield>
   <marc:datafield ind1="1" ind2=" " tag="700">
      <marc:subfield code="0">(DE-588)1033933686</marc:subfield>
      <marc:subfield code="0">https://d-nb.info/gnd/1033933686</marc:subfield>
      <marc:subfield code="0">(DE-101)1033933686</marc:subfield>
      <marc:subfield code="a">Abbate, Carolyn</marc:subfield>
      <marc:subfield code="d">1955-</marc:subfield>
      <marc:subfield code="e">Herausgeber</marc:subfield>
      <marc:subfield code="4">edt</marc:subfield>
      <marc:subfield code="2">gnd</marc:subfield>
   </marc:datafield>
   <marc:datafield ind1=" " ind2="0" tag="830">
      <marc:subfield code="a">California studies in 19th century music</marc:subfield>
      <marc:subfield code="v">6</marc:subfield>
      <marc:subfield code="w">(DE-101)013392166</marc:subfield>
      <marc:subfield code="w">(DE-600)594156-8</marc:subfield>
      <marc:subfield code="9">16</marc:subfield>
      <marc:subfield code="7">as</marc:subfield>
   </marc:datafield>
   <marc:datafield ind1=" " ind2=" " tag="850">
      <marc:subfield code="a">DE-101a</marc:subfield>
      <marc:subfield code="a">DE-101b</marc:subfield>
   </marc:datafield>
   <marc:datafield ind1="4" ind2="2" tag="856">
      <marc:subfield code="m">V:DE-605</marc:subfield>
      <marc:subfield code="q">application/pdf</marc:subfield>
      <marc:subfield code="u">https://d-nb.info/920953107/04</marc:subfield>
      <marc:subfield code="3">Inhaltsverzeichnis</marc:subfield>
   </marc:datafield>
   <marc:datafield ind1="r" ind2=" " tag="925">
      <marc:subfield code="a">rg</marc:subfield>
   </marc:datafield>
</marc:record>
